| 000 | 01332 a2200241 4500 | ||
|---|---|---|---|
| 001 | 22355 | ||
| 005 | 20260407155513.0 | ||
| 008 | 260407a1992 arg spa d | ||
| 003 | AR-UNSa-BCEJYS | ||
| 040 |
_aAR-UNSa-BCEJYS _bspa _cAR-UNSa-BCEJYS |
||
| 080 |
_a657 _xContabilidad |
||
| 245 | 1 | 0 | _aPlan general francés de contabilidad |
| 020 | _a84-7196-988-2 | ||
| 264 | 1 |
_aMadrid : _bMinisterio de Economía y Hacienda _c1992 |
|
| 300 |
_a(pag. var.) _c30 cm. |
||
| 505 | _aTítulo I: 1. Disposiciones generales - 2. Terminología 3. Plan de cuentas - Título II: 1. Reglas relativas a los métodos de valoración y a la determinación del resultado de la empresa - 2. Financiamiento de las cuentas. Documentos de síntesis - 3. Disposiciones especiales - 4. Consolidación de cuentas: metodología - Título III: 1. Disposiciones generales - 2. Sistema general de análisis contable - 3. Nomenclatura de las cuentas - 4. Métodos de cálculo - 5. Empleo de la contabilidad analítica en la gestión de la empresa | ||
| 942 | _cBK | ||
| 590 | _aniveau_biblio:m niveau_hierar:0 | ||
| 100 | 1 | _aMallo Rodriguez, Carlos | |
| 700 | 1 | _aFernández Peña, Enrique | |
| 700 | 1 | _aCaravajal, Luis | |
| 856 | 4 | 1 |
_uhttps://biblioeco.unsa.edu.ar/pmb/images/libros/Plan General Frances de Contabilidad-l119510.jpg _yImagen de portada _qimage/jpeg |
| 999 |
_c976 _d976 |
||